000 02581nam0a2200397 4500
001 RU\NLR\bibl\101935
005 20260407060213.0
010 _a5-93613-002-9
_9500
021 _aRU
_b2000-12551
_9616
035 _a(NLR Aleph) 000099699
090 _a562484
_c562484
100 _a20000804d1999 |||y0rusy50 ca
101 0 _arus
102 _aRU
105 _aa |||||||||
200 1 _aВторая Международная деловая конференция "Российский рынок драгоценных металлов и драгоценных камней: состояние и перспективы". РДМК-99
_dSecond International business conference "Russian precious metals and gemstones market: todey's situation and future developments". RPMG-99, (Москва, 1-5 нояб. 1999 г.)
_eДокументы и материалы
_zeng
210 _aМ.
_cАСМИ
_d1999
215 _a494 с.
_cил.
_d29
300 _aЗагл. обл.: РДМК-99
300 _aЧасть текста парал. на рус., англ. яз.
311 _aПрил. к журн. "Драгоц. металлы. Драгоц. камни"
488 0 _12001#$aДрагоценные металлы. Драгоценные камни
_tДрагоценные металлы. Драгоценные камни
510 1 _6z02791
_aSecond International business conference "Russian precious metals and gemstones market: todey's situation and future developments". RPMG-99, (Москва, 1-5 нояб. 1999 г.)
_zeng
512 1 _aРДМК-99
606 0 _aЮвелирная промышленность
_jСъезды, совещания и т.п.
_92178651
_3RU\NLR\auth\661310287
606 0 _aБлагородные металлы
_jСъезды, совещания и т.п.
_xТорговля
_92254332
_3RU\NLR\auth\661352020
686 _aУ30(2)705.6я431
686 _aУ42(2)152.38я431
710 1 2 _a"Российский рынок драгоценных металлов и драгоценных камней: состояние и перспективы", международная деловая конференция
_d2
_f1999
_eМосква
_3RU\NLR\AUTH\8810026985
_9552126
791 1 2 _8eng
_a"Russian precious metals and gemstones market: today's situation and future developments", international business conference
_d2
_f1999
_eMocsow
_7ba
_3RU\NLR\auth\8810026986
_9552128
801 0 _aRU
_bNLR
_c20000804
_gPSBO
801 1 _aRU
_bNLR
_c20000804
852 _aNLR
_j2000-8/975
942 _cBOOK
980 _aNB